Alternatívne tresty v praxi zborník zo seminára : [26. júna 2007 - Žilina, 27. júna 2007 - Spišský Hrhov : multidisciplinárny seminár projektu "Šanca odsúdeným" financovaný zo zdrojov IS EQUAL a ŠR SR]

Bibliographic Details
Corporate Author: Alternatívne tresty v praxi Žilina - Spišský Hrhov, Slovensko
Other Authors: Vajzerová, Eva (Compiler), Lášticová, Lenka (Compiler), Ronec, Štefan (Compiler)
Format: Conference Proceeding Book
Language:Slovak
PhysicalDescription:56 s. 29 cm
Published: Dolný Kubín Konzultačné a informačné centrum EDUKOS 2007
ISBN:9788096988501 (brož.)
Edition:[1. vyd.]
Subjects:

MARC

LEADER 00000nam a2200000 a 4500
001 vtls009287904
003 SK-MaSNL
005 20260301024003.0
008 250414s2007 xo f 100 0 slo
015 |a SNBA2008/07-03000 
020 |a 9788096988501 (brož.) 
035 |a d0d3c0d8-b1ab-4af8-ba4e-4a1d0013728a 
035 |a urn:nbn:sk:snk-amjtpb 
035 |a urn:nbn:sk:snk:ar-a0c4k6 
040 |a SNK  |b slo  |c SNK  |e AACR2 
041 0 |a slo 
044 |a xo  |c SK 
072 7 |a 343  |x Trestné právo  |2 konspekt 
080 |a 343.244  |2 2001 
080 |a (062.534)  |2 2001 
111 2 |a Alternatívne tresty v praxi  |d (2007 :  |c Žilina - Spišský Hrhov, Slovensko)  |9 317266 
245 0 0 |a Alternatívne tresty v praxi  |b zborník zo seminára : [26. júna 2007 - Žilina, 27. júna 2007 - Spišský Hrhov : multidisciplinárny seminár projektu "Šanca odsúdeným" financovaný zo zdrojov IS EQUAL a ŠR SR]  |c zostavili: Eva Vajzerová, Lenka Lášticová, Štefan Ronec 
250 |a [1. vyd.] 
260 |a Dolný Kubín  |b Konzultačné a informačné centrum EDUKOS  |c 2007 
300 |a 56 s.  |c 29 cm 
366 |e 200 výt. 
650 0 7 |a alternatívne tresty  |2 SNKPH  |9 4536 
650 0 7 |a Alternatives to imprisonment  |2 SNKPHeng  |9 317267 
655 7 |a zborníky konferencií  |2 SNKPH  |9 70153 
655 7 |a Proceedings of conferences  |2 SNKPHeng  |9 265791 
655 7 |a issue_zb  |2 SNK  |9 276493 
700 1 |a Vajzerová, Eva  |4 com  |9 317268 
700 1 |a Lášticová, Lenka  |4 com  |9 317269 
700 1 |a Ronec, Štefan  |4 com  |9 317270 
852 |a Slovenská národná knižnica 
919 |a 978-80-969885-0-1 
954 |a odborná, vedecká literatúra pôvodná (slovenská)  |2 lita 
954 |a odborná, vedecká literatúra cudzojazyčná (svetová)  |2 lita 
958 |a OND 
958 |a ART 
968 |d 34 
999 |c 570245  |d 572175 
952 |a SNK  |b SNK  |y PREZ  |7 0  |p 17A0586667  |o snkSB 76057  |i snk2008/9082  |8 0  |0 0  |1 0  |4 0  |d 2008-04-22  |f 1  |l 0  |r 2025-04-30 00:00:00  |w 2026-02-23 
952 |a SNK  |b SNK  |y VYP  |7 0  |p 17A0586668  |o snkSB 76057 D1  |i snk2008/9084  |8 0  |0 0  |1 0  |4 0  |d 2008-04-22  |l 0  |r 2016-06-30 00:00:00  |w 2026-02-23